000 00355nam a2200121Ia 4500
008 230907s9999||||xx |||||||||||||| ||und||
082 _a621.384
_bOLE
100 _aOlenewa, Jorge.
_9115929
245 0 _aWireless# guide to wireless communications /
260 _aThomson Course Technology,
_bBoston, Mass. :
_c2007
300 _axxi, 506 p. :
942 _cBK
999 _c600194
_d600194